• 首页
  • 本馆介绍
  • 公告通知
  • 最新文献
  • 馆藏检索
  • 电子资源
  • 读者导购
  • 参考咨询
  • 我的图书馆
  • 登录
  • 详细信息显示
  • 放入我的书架
  • 预约/预借图书
  • 作者相关作品
  • 分类相关作品
  • 丛书相关作品
  • 出版社相关作品

书目信息

  • 表格格式
  • 工作单格式
  • 卡片格式
题名:
电视机用户指南
    
 
作者: 陈亚东 编著
分册:  
出版信息: 北京   人民邮电出版社  1982
页数: 222页
开本: 19cm
丛书名:
单 册:
中图分类: TN949.1
科图分类:
主题词: 电视--各种体制 , 电视接收机--手册
电子资源:
ISBN:
000 00712nam0 2200241 45
001 0182006566
005 20060111083802.85
010    @dCNY0.71
091    @a15045·总2555-无6191
100    @a19950614d1982 em y0chiy0121 ea
101 0  @achi
102    @aCN@b110000
105    @ay z 000yy
200 10 @a电视机用户指南@Adian shi ji yong hu zhi nan@f陈亚东编著@Fchen ya dong bian zhu
210    @a北京@c人民邮电出版社@d1982
215    @a222页@d19cm
606 0  @a电视@x各种体制
606    @a电视接收机@x手册
690    @aTN949.1
701  0 @a陈亚东@Achen ya dong@4编著
801  0 @aCN@b上海图书馆@c20060111
801  2 @aCN@bNLC@c20051226
905    @f4@b147500-503@dTN949.1@e41@b158078@f1@f2@b105259-260
    
    电视机用户指南/陈亚东编著.-北京:人民邮电出版社,1982
    222页;19cm
    
    
    ISBN :CNY0.71
    
●
相关链接 在E读中查询图书 在五车中查询图书 在当当中查询图书 在豆瓣中查询图书


正题名:电视机用户指南     索取号:TN949.1/41         预约/预借

序号 登录号 条形码 馆藏地/架位号 状态 备注
1 0105259   001324819   第三借阅区/ [索取号:TN949.1/41] 在馆    
2 0105260   001327399   密集书库/ [索取号:TN949.1/41] 在馆    
3 0105261   202171407   密集书库/ [索取号:TN949.1/41] 在馆    
4 0147500   001324855   第二样本阅览室/ [索取号:TN949.1/41] 在馆    
5 0147501   001324935   密集书库/ [索取号:TN949.1/41] 在馆    
6 0147502   001324891   密集书库/ [索取号:TN949.1/41] 在馆    
7 0147503   001324971   密集书库/ [索取号:TN949.1/41] 在馆    
8 0147504   202180638   密集书库/ [索取号:TN949.1/41] 在馆    
9 0158077   202171443   密集书库/ [索取号:TN949.1/41] 在馆    
10 0158078   001325015   密集书库/ [索取号:TN949.1/41] 在馆    
唐山师范学院图书馆 欢迎您!
大连网信软件有限公司© 版权所有